000
00348nam a2200157Ia 4500
003
OSt
005
20231222105427.0
008
170524s9999 xx 000 0 und d
020
_a
9780070482890
040
_c
iimt university
100
_a
Gopal
245
0
_a
Modern Control System
260
_b
TMH New Delhi
260
_c
2007
942
_2
ddc
_c
02
999
_c
4894
_d
4894